Elements of life Insurance (Record no. 6035)

MARC details
000 -LEADER
fixed length control field 00447cam a2200181ua 4500
001 - CONTROL NUMBER
control field 6894
005 - DATE AND TIME OF LATEST TRANSACTION
control field 20260515114126.0
008 - FIXED-LENGTH DATA ELEMENTS--GENERAL INFORMATION
fixed length control field 140304n ii |||gr||||Z||||||eng
040 ## - CATALOGING SOURCE
Transcribing agency MAIN
082 ## - DEWEY DECIMAL CLASSIFICATION NUMBER
Classification number 368
245 11 - TITLE STATEMENT
Title Elements of life Insurance
Statement of responsibility, etc. By O.P. Bajpai
260 ## - PUBLICATION, DISTRIBUTION, ETC.
Place of publication, distribution, etc. Allahabad:
Name of publisher, distributor, etc. Kitab mahal,
Date of publication, distribution, etc. 1959.
300 ## - PHYSICAL DESCRIPTION
Extent x,190p.
653 ## - INDEX TERM--UNCONTROLLED
Uncontrolled term Commerce
653 ## - INDEX TERM--UNCONTROLLED
Uncontrolled term Elements of life Insurance
700 1# - ADDED ENTRY--PERSONAL NAME
Personal name Bajpai,O.P.,
Relator term Author.
942 ## - ADDED ENTRY ELEMENTS (KOHA)
Koha item type Books
Holdings
Withdrawn status Lost status Damaged status Not for loan Home library Current library Shelving location Date acquired Total checkouts Full call number Barcode Date last seen Copy number Price effective from Koha item type
        Naharkatiya College Library Naharkatiya College Library General stacks 09/19/2020   368 | BAJ 13937 09/19/2020 1 09/19/2020 Books